Transactions of the historical and philosophical society of Ohio. Published by order of the society

Detalles Bibliográficos
Formato: Libro
Lenguaje:English
Publicado: Cincinnati 1839
Materias:
Colección:Banco de datos
Acervo:Biblioteca Pública Central del Estado de Durango. Lic. José Ignacio Gallegos Caballero. Colección José Fernando Ramírez
Descripción Física:t. 4°
Tema general:Filosofía
Notas:Tomo con portada y numeración propias. Año del v. 1, pte. 2: 1839. Encuadernación en piel sobre cartón. Ex libris manuscrito en la portada: "Emanuel Trenivill". Sello en tinta de la Biblioteca Pública del Estado de Durango. Daños de polilla y en la encuadernación
LEADER 00828nam a22001570004500
035 |a 180 
041 0 |a eng 
245 1 0 |a Transactions of the historical and philosophical society of Ohio. Published by order of the society 
260 |a Cincinnati  |b Geo. W. Bradbury & co., printers  |c 1839 
300 |a  t.  |c 4° 
500 |a Tomo con portada y numeración propias. Año del v. 1, pte. 2: 1839. Encuadernación en piel sobre cartón. Ex libris manuscrito en la portada: "Emanuel Trenivill". Sello en tinta de la Biblioteca Pública del Estado de Durango. Daños de polilla y en la encuadernación 
650 1 0 |a Filosofía 
949 |a CR. t. 1, pte. 2 (397) 
942 |c DURANRAM 
943 |g Biblioteca Pública Central del Estado de Durango. Lic. José Ignacio Gallegos Caballero. Colección José Fernando Ramírez 
999 |c 1077110  |d 1077110